Estudio de la canalización en el diseño eléctrico subterráneo mediante análisis de tensión jalado

Збережено в:
Бібліографічні деталі
Автор: Villalobos Vargas, Carlos José, 1991-
Інші автори: Rodríguez Solera, Juan Ramón, 1961- Director de Proyecto Eléctrico
Формат: Книга
Мова:Spanish
Опубліковано: [San José ], Costa Rica 2017
Предмети:
Теги: Додати тег
Немає тегів, Будьте першим, хто поставить тег для цього запису!

MARC

LEADER 00000nam a22000007a 4500
003 012724
005 20231128090645.0
008 171009b2017 cr a|||| m||| 00| ||spa d
040 |c cru CEDI 
090 |a TFG 7875 
100 |a Villalobos Vargas, Carlos José, 1991-  |9 1890 
245 |a Estudio de la canalización en el diseño eléctrico subterráneo mediante análisis de tensión jalado  
260 |a [San José ], Costa Rica  |c 2017 
300 |a xv,74 hojas ; ilustraciones  
500 |a "IE-0499 Proyecto eléctrico”, Proyecto de graduación (bachillerato en ingeniería eléctrica)--Universidad de Costa Rica. Facultad de Ingeniería. Escuela de Ingeniería Eléctrica 
501 |a Profesor Guía de IE-0499 Proyecto Eléctrico: Ing. Juan Ramón Rodríguez Solera 
650 |x DISTRIBUCION DE ENERGIA ELECTRICA  |x LINEAS ELECTRICAS SUBTERRANEAS  |x INGENIERÍA ELÉCTRICA  |9 10093 
700 |a Rodríguez Solera, Juan Ramón, 1961-  |d Director de Proyecto Eléctrico   |9 680 
942 |c TFG  |h TFG 7875  |i 012724  |6 TFG_7875_012724000000000 
999 |c 19098  |d 19098